00546nam a2200193 a 450000100060000000300090000600800410001502000150005604000280007108200190009910000370011824500580015526000240021330000100023765000390024765000370028694200120032399900170033524160CO-ViMGA141112s2004 ck r 000 u spa d a9580510180 aCO-ViMGAbspacCO-ViMGA a540.72 T673c101 aTorres Salgado, Dora edith9440510aCiencia experimental 10 / cDora edith Torres Salgado aColombia : bEducar a184p.14aBIOLOGIA - ENSEÑANZA SECUNDARIA 14aQUIMICA - ENSEÑANZA SECUNDARIA 2ddccBK c11665d11665